[Event "CAN-ch U14"]
[Site "Quebec"]
[Date "2018.07.04"]
[Round "6.49"]
[White "Jiang, Shawn"]
[Black "Asemota, Eghosa"]
[Result "1-0"]
[WhiteElo "1020"]
[BlackElo "823"]
[PlyCount "63"]
[EventDate "2018.07.02"]
[EventType "swiss"]
[EventRounds "7"]
[EventCountry "CAN"]
[SourceTitle "EXT 2022"]
[Source "ChessBase"]
[SourceDate "2021.10.06"]
[SourceVersion "1"]
[SourceVersionDate "2021.10.06"]
[SourceQuality "1"]

1. e4 e5 2. Nf3 Nc6 3. Bb5 a6 4. Ba4 b5 5. Bb3 Bc5 6. c3 d6 7. h3 Nf6 8. Bc2 Bb7 9. d4 exd4 10. cxd4 Bb6 11. 0-0 Qe7 12. Re1 0-0-0 13. Nc3 Na5 14. b4 Nc4 15. Bd3 c5 16. bxc5 dxc5 17. d5 Ne5 18. Bf4 Nxf3+ 19. Qxf3 c4 20. Bc2 Bd4 21. Rab1 Be5 22. Bxe5 Qxe5 23. a4 h5 24. axb5 axb5 25. Nxb5 g5 26. Na7+ Kc7 27. Qe2 Ba6 28. Nb5+ Bxb5 29. Rxb5 Qd4 30. Rd1 Qe5 31. d6+ Kd7 32. Rxe5 1-0